000
00195 a2200097 4500
020
_a
9780399176661
041
_a
eng
100
_a
OLiver, LIn
245
_a
little Poems for Tiny Ears
942
_c
BK
999
_c
31523
_d
31521